| 000 | 00483nam a22001697a 4500 | ||
|---|---|---|---|
| 003 | OSt | ||
| 005 | 20190103115455.0 | ||
| 008 | 180301b xxu||||| |||| 00| 0 spa d | ||
| 040 | _cPJ | ||
| 100 |
_9557 _aDepallens, G. |
||
| 245 | 1 | 0 |
_aGestión financiera de la empresa / _cG. Depallens. |
| 260 |
_aBuenos Aires : _bLa Ley, _c1966. |
||
| 300 |
_a549 p. _c25 cm. |
||
| 650 | 0 |
_9292 _aECONOMIA Y FINANZAS |
|
| 650 | 0 |
_93541 _aEMPRESA COMERCIAL |
|
| 942 |
_2udc _cLIB _h334.71 _iDEP |
||
| 999 |
_c210 _d210 |
||